PRACTICE WORKBOOK OF COMMUNITY HEALTH NURSING (Record no. 21885)
[ view plain ]
| 000 -LEADER | |
|---|---|
| fixed length control field | 00361nam a22001457a 4500 |
| 003 - CONTROL NUMBER IDENTIFIER | |
| control field | SGT |
| 020 ## - INTERNATIONAL STANDARD BOOK NUMBER | |
| International Standard Book Number | 9789352501205 |
| 082 ## - DEWEY DECIMAL CLASSIFICATION NUMBER | |
| Classification number | 610.7343 |
| Item number | P16B |
| 100 ## - MAIN ENTRY--PERSONAL NAME | |
| Personal name | BASAVANTHAPPA, BT. |
| 245 ## - TITLE STATEMENT | |
| Title | PRACTICE WORKBOOK OF COMMUNITY HEALTH NURSING |
| 260 ## - PUBLICATION, DISTRIBUTION, ETC. (IMPRINT) | |
| Place of publication, distribution, etc | INDIA |
| Name of publisher, distributor, etc | JAYPEE PUB |
| Year of Publication | 2016 |
| 300 ## - PAGE DESCRIPTION | |
| No. of Pages | 226 |
| 650 ## - SUBJECT ADDED ENTRY--TOPICAL TERM | |
| Topical term or geographic name as entry element | COMMUNITY HEALTH NURSING |
| 942 ## - ADDED ENTRY ELEMENTS (KOHA) | |
| Source of classification or shelving scheme | Dewey Decimal Classification |
| Koha item type | Books |
| 942 ## - ADDED ENTRY ELEMENTS (KOHA) | |
| -- | 1 |
| Withdrawn status | Lost status | Source of classification or shelving scheme | Damaged status | Not for loan | Collection code | Home library | Current library | Shelving location | Date acquired | Vendor Name | SGTU | Bill Number | Total Checkouts | Full call number | Accession No. (Barcode) | Date last seen | Bill Date | Koha item type | Date last borrowed |
|---|---|---|---|---|---|---|---|---|---|---|---|---|---|---|---|---|---|---|---|
| Dewey Decimal Classification | NURSING | SGT Medical Library | SGT Medical Library | Text Book | 28/09/2021 | JAYPEE PUB | SGTU | N5/INV/-1/2100076 | 610.7343 P16B | FN4221 | 28/09/2021 | Books | |||||||
| Dewey Decimal Classification | NURSING | SGT Medical Library | SGT Medical Library | Text Book | 28/09/2021 | JAYPEE PUB | SGTU | N5/INV/-1/2100076 | 610.7343 P16B | FN4222 | 28/09/2021 | Books | |||||||
| Dewey Decimal Classification | NURSING | SGT Medical Library | SGT Medical Library | Text Book | 28/09/2021 | JAYPEE PUB | SGTU | N5/INV/-1/2100076 | 2 | 610.7343 P16B | FN4223 | 23/07/2025 | Books | 14/05/2025 | |||||
| Dewey Decimal Classification | NURSING | SGT Medical Library | SGT Medical Library | Text Book | 28/09/2021 | JAYPEE PUB | SGTU | N5/INV/-1/2100076 | 610.7343 P16B | FN4224 | 28/09/2021 | Books | |||||||
| Dewey Decimal Classification | NURSING | SGT Medical Library | SGT Medical Library | Text Book | 28/09/2021 | JAYPEE PUB | SGTU | N5/INV/-1/2100076 | 610.7343 P16B | FN4225 | 28/09/2021 | Books |